|
|
|
|
| LEADER |
00000Cam#a2200000#a#4500 |
| 001 |
007912 |
| 005 |
20160721144511.0 |
| 008 |
011109q1990####ag##################spa#d |
| 020 |
|
|
|a 9509807486
|
| 040 |
|
|
|a AR-beUNQ
|
| 099 |
|
|
|a 35-G48
|
| 100 |
1 |
|
|a Gorriti, Juana Manuela
|
| 245 |
0 |
3 |
|a La tierra natal
|c Juana Molina Gorriti.
|
| 246 |
3 |
3 |
|a Lo íntimo
|
| 260 |
|
|
|a Buenos Aires :
|b Fondo Nacional de las Artes,
|c [199-?]
|
| 300 |
|
|
|a 227 p
|
| 650 |
|
7 |
|a LITERATURA (ARTE)
|2 Spines
|
| 650 |
|
7 |
|a NOVELA
|2 toit
|
| 651 |
|
7 |
|a ARGENTINA
|2 Spines
|
| 700 |
0 |
|
|a Salas, Horacio
|
| 929 |
|
|
|a COMPRA
|b Libreria Norte Sociedad Anónima
|c Exp. 827-0056/01
|d 17,00
|e 20011108
|f patrimonio
|j 30782
|
| 942 |
|
|
|c LIB
|n 0
|
| 999 |
|
|
|c 10481
|d 85868
|